Statistiche per Quiz sul Bangladesh

Clicka qui per fare il quiz!

Statistiche generali

  • Questo quiz è stato fatto 260 volte
  • Il punteggio medio è 11 su 17

Statistiche sulle risposte

ClueRisposta% Corretto
Paesi che confinano con il BangladeshIndia
95%
CapitaleDacca
91%
Paese europeo che ha colonizzato il Bangladesh fino al 1947
Regno Unito
91%
Paesi che confinano con il BangladeshMyanmar
86%
Lo sport più popolare
Cricket
85%
La religione più comuneIslam
85%
Gran parte del Bangladesh si trova sul delta di questo fiumeGange
74%
Paese da cui il Bangladesh ha guadagnato la sua indipendenza nel 1971
Pakistan
74%
Animale nazionale del BangladeshTigre del Bengala
70%
Unico paese, con una popolazione > 5 milioni, più densamente popolataSingapore
52%
Seconda città più popolosaChittagong
51%
Tipo di disastro che almeno ha ucciso 50.000 persone nel 1582, 1699, 1822,
1847, 1876, 1970 e 1991
Ciclone
51%
I Sundarban sono formati da questo tipodi alberi della foresta costieraMangrovie
39%
Valuta del BangladeshTaka
38%
Frutto nazionale del Bangladesh che può pesare fino a 80 libbre (35 kg)Jackfruit
33%
Cox's Bazar ospita il
uno di questi è il più lungo del mondo
Spiaggia
31%
Il 59% della terra in Bangladesh ha questa caratteristica, cioè può essere coltivato
* la percentuale più alta di qualsiasi paese
Arabile
30%

Distribuzione punteggi

Percentile per numero di risposta

Percentuale di utenti per punteggio

I tuoi punteggi nel tempo

Non hai fatto questo quiz